15 Największych miast w województwie Kujawsko-Pomorskim - Statystyki

Ogólne statystyki
  • Ten quiz został rozwiązany 19 razy
  • Średni wynik to 12 z 15
Statystyki odpowiedzi
nr ludność miasto % Poprawnych
1 330,000 Bydgoszcz
100%
4 90,000 Grudziądz
100%
2 196,000 Toruń
100%
3 102,000 Włocławek
100%
5 68,000 Inowrocław
94%
7 25,000 Świecie
88%
14 13,300 Żnin
88%
6 30,000 Brodnica
82%
10 16,000 Rypin
82%
11 15,500 Solec Kujawski
82%
9 18,000 Nakło nad Notecią
76%
8 19,000 Chełmno
71%
13 13,800 Lipno
65%
15 13,100 Tuchola
65%
12 14,000 Chełmża
47%
Nie znaleziono quizów pasujących do podanych kryteriów
Rozkład punktacji
Procent ludzi z każdym wynikiem
Percentyl według liczby udzielonych odpowiedzi
Twoja historia wyników
Nie rozwiązałeś tego quizu